| 000 | 01137nam a2200277 a 4500 | ||
|---|---|---|---|
| 005 | 20180803170332.0 | ||
| 008 | 160919s2012 ck abo||r|||| 00| 0 spa d | ||
| 020 | _a9789588403854 | ||
| 040 |
_aCO-BoIAVH _cCO-BoIAVH |
||
| 041 | 0 | _aspa | |
| 044 | _ack | ||
| 082 | 0 | 4 |
_a639.6 _bJ25c |
| 100 | 1 |
_aJaimes Martínez, Juan Carlos _eautor |
|
| 245 | 1 | 0 |
_aCultivo de langosta espinosa (Panulirus argus), en jaulas flotantes : _bAcuicultura marina y desarrollo comunitario / _cJuan Carlos Jaimes Martínez, Ramón Alberto Nieto Bernal y Raúl Hernando López Peralta |
| 250 | _aPrimera edición | ||
| 260 |
_a[Bogotá?], Colombia : _bUniversidad Militar Nueva Granada, _c2012. |
||
| 300 |
_a97 páginas : _bilustraciones a color, mapas y fotografías a color ; _c24 x 17 cm. |
||
| 504 | _aIncluye referencias bibliográficas. | ||
| 650 | 2 | 6 |
_aPanulirus argus _xcultivo |
| 650 | 2 | 6 |
_aLangosta _xcultivo |
| 650 | 2 | 6 | _aAcuicultura |
| 650 | 2 | 6 | _aRecursos marinos |
| 700 | 1 |
_aNieto Bernal, Ramón Alberto _eautor |
|
| 700 | 1 |
_aLópez-Peralta, Raúl Hernando _eautor |
|
| 942 |
_2ddc _cLIBRO |
||
| 999 |
_c19040 _d19040 |
||